| 000 | 01351cam a2200421 a 4500 | ||
|---|---|---|---|
| 001 | 2468899 | ||
| 003 | OSt | ||
| 005 | 20140310184527.0 | ||
| 008 | 900405s1990 nyua j 001 0 eng | ||
| 010 | _a 90012341 | ||
| 020 | _a0590461303 | ||
| 040 |
_aDLC _cDLC _dDLC |
||
| 042 | _alcac | ||
| 043 |
_at------ _ar------ |
||
| 050 | 0 | 0 |
_aGF 891 _b.B95 1993 |
| 082 | 0 | 0 | _a508.311 |
| 100 | 1 |
_aByles, Monica. _930297 |
|
| 245 | 1 | 0 |
_aLife in the polar lands / _cMonica Byles. |
| 260 |
_aNew York : _bF. Watts, _c1993. |
||
| 300 |
_a31 p. : _bcol. ill. ; _c28 cm. |
||
| 500 | _aIncludes index. | ||
| 521 | _aG9 | ||
| 526 | _c1040 | ||
| 541 | _j1 | ||
| 541 | _j1 | ||
| 541 | _j1 | ||
| 650 | 0 |
_aHuman ecology _zArctic regions _xJuvenile literature. _930298 |
|
| 650 | 0 |
_aHuman ecology _zAntarctica _xJuvenile literature. _930299 |
|
| 650 | 0 |
_aNatural history _zArctic regions _xJuvenile literature. _930300 |
|
| 650 | 0 |
_aNatural history _zAntarctica _xJuvenile literature. _930301 |
|
| 650 | 1 |
_aHuman ecology _zArctic regions. _930302 |
|
| 650 | 1 |
_aHuman ecology _zAntarctica. _930303 |
|
| 650 | 1 |
_aNatural history _zArctic regions. _930304 |
|
| 650 | 1 |
_aNatural history _zAntarctica. _930305 |
|
| 906 |
_a7 _bcbc _corignew _d1 _eocip _f19 _gy-gencatlg |
||
| 942 |
_2lcc _cBK-SCHOLAS |
||
| 999 |
_c35145 _d35145 |
||